Т. 9; Технология органических веществ

Podrobná bibliografie
Parent link:Технология органических веществ/ Академия наук СССР (АН СССР); Всесоюзный институт научной и технической информации. Т. 9.— , 1968-1988.— 0202-8042
Další autoři: Лапидус А. Л. (редактор), Резницкая Т. М.
Jazyk:ruština
Vydáno: 1984
Témata:
Médium: MixedMaterials Kniha
KOHA link:https://koha.lib.tpu.ru/cgi-bin/koha/opac-detail.pl?biblionumber=295471

MARC

LEADER 00000nam2a2200000 4500
001 295471
005 20231102000819.0
035 |a (RuTPU)RU\TPU\book\320549 
035 |a RU\TPU\book\300728 
090 |a 295471 
100 |a 20150522d1984 k y0rusy50 ca 
101 0 |a rus 
102 |a RU 
105 |a a z 001zy 
200 0 |a Т. 9  |f науч. ред. А. Л. Лапидус , Т. М. Резницкая 
210 |d 1984 
215 |a 145 с.  |c ил. 
320 |a Библиография в конце статей 
461 1 |0 (RuTPU)RU\TPU\book\134793  |x 0202-8042  |t Технология органических веществ  |f Академия наук СССР (АН СССР); Всесоюзный институт научной и технической информации  |v Т. 9  |d 1968-1988  |s Технология органических веществ 
606 1 |a Органические вещества  |x Химическая технология  |2 stltpush  |3 (RuTPU)RU\TPU\subj\73441  |9 86442 
610 1 |a углеводородное сырье 
610 1 |a пиролиз 
610 1 |a электрокрекинг 
610 1 |a жидкие продукты 
610 1 |a жидкие отходы 
610 1 |a бутадиен 
610 1 |a изопрен 
610 1 |a производство 
610 1 |a переработка 
675 |a 661.7  |v 4 
702 1 |a Лапидус  |b А. Л.  |4 340 
702 1 |a Резницкая  |b Т. М.  |4 340 
801 1 |a RU  |b 63413507  |c 20120904 
801 2 |a RU  |b 63413507  |c 20170126  |g RCR 
942 |c BK